000 00777cam a22002413a 4500
001 12692
003 PGUSA
005 20140828083255.0
008 040601s2004||||xxu|||||s|||||000 1 eng d
040 _aPGUSA
_beng
042 _adc
050 4 _aPZ
100 1 _aHancock, H. Irving
_q(Harrie Irving),
_d1868-1922
245 1 4 _aThe High School Captain of the Team :
_bDick and Co. Leading the Athletic Vanguard
_h[electronic resource] /
_cH. Irving Hancock
260 _bProject Gutenberg,
_c2004
506 _aPublic domain in the USA.
516 _aElectronic text
653 _aHigh school students -- Juvenile fiction
653 _aFootball -- Juvenile fiction
830 0 _aProject Gutenberg
_v12692
856 4 0 _uhttp://www.gutenberg.org/ebooks/12692
942 _cEB
999 _c241947
_d241947